[Event "Northumbria Masters"]
[Site "Newcastle upon Tyne, ENG"]
[Date "2019.08.23"]
[Round "1.24"]
[White "Han, Yichen"]
[Black "Johnson, Paul A"]
[Result "1-0"]
[WhiteElo "2205"]
[BlackElo "1796"]
[PlyCount "71"]
[EventDate "2019.08.23"]
[EventRounds "9"]
[EventCountry "ENG"]
[SourceTitle "BritBase"]
[Source "John Saunders"]
[SourceDate "2021.08.31"]
[SourceVersion "1"]
[SourceVersionDate "2021.08.31"]
[SourceQuality "1"]

1. d4 d5 2. Bf4 Nf6 3. e3 Bf5 4. Nf3 e6 5. Bd3 Bxd3 6. Qxd3 c6 7. Nbd2 Bd6 8.
Bg3 Bxg3 9. hxg3 Qb6 10. O-O Nbd7 11. c4 O-O 12. b4 Qc7 13. e4 dxe4 14. Nxe4
Nxe4 15. Qxe4 Nf6 16. Qe5 Rac8 17. Rfe1 Rfd8 18. Rad1 Rd7 19. Qe3 h6 20. Ne5
Rdd8 21. g4 Nh7 22. f4 Qe7 23. a3 Rc7 24. Qg3 Qf6 25. Nf3 Rcd7 26. Re5 g5 27.
fxg5 hxg5 28. Rf1 Qg6 29. Qf2 f5 30. Qe3 f4 31. Rxe6 Qg7 32. Re8+ Rxe8 33.
Qxe8+ Nf8 34. Re1 Kh7 35. Re5 Rd6 36. Re7 1-0

[Event "Northumbria Masters"]
[Site "Newcastle upon Tyne, ENG"]
[Date "2019.08.24"]
[Round "2.1"]
[White "Donchenko, Alexander"]
[Black "Abdulla, Murad"]
[Result "1-0"]
[WhiteElo "2618"]
[BlackElo "2265"]
[PlyCount "131"]
[EventDate "2019.08.23"]
[EventRounds "9"]
[EventCountry "ENG"]
[SourceTitle "BritBase"]
[Source "John Saunders"]
[SourceDate "2021.08.31"]
[SourceVersion "1"]
[SourceVersionDate "2021.08.31"]
[SourceQuality "1"]

1. Nf3 d5 2. d4 Nf6 3. c4 e6 4. g3 Be7 5. Bg2 O-O 6. O-O dxc4 7. Qc2 c5 8. dxc5
Nc6 9. Qxc4 Qa5 10. Nc3 Qxc5 11. Qxc5 Bxc5 12. Bf4 Bd7 13. Rac1 Rac8 14. Nb5
Be7 15. Nd6 Bxd6 16. Bxd6 Rfd8 17. Rfd1 Ne8 18. Bf4 f6 19. Bh3 Kf7 20. Rd2 g5
21. Rcd1 gxf4 22. Rxd7+ Rxd7 23. Rxd7+ Ne7 24. Rxb7 fxg3 25. hxg3 Rc7 26. Rxc7
Nxc7 27. Nd4 Ned5 28. Kf1 a6 29. Ke1 Ke7 30. Kd2 Kd6 31. a3 f5 32. e3 Nf6 33.
Bg2 Ncd5 34. Bf3 Nd7 35. b4 N7f6 36. Be2 Nc7 37. Bd3 h6 38. Nb3 Nd7 39. Be2 Kd5
40. Bf3+ Kd6 41. Na5 e5 42. Nb7+ Ke6 43. Be2 Kd5 44. Bd3 e4 45. Be2 Ne5 46. Na5
Nd7 47. Nb3 Nb6 48. Nd4 Ke5 49. Kc3 Ncd5+ 50. Kb3 Nc7 51. Nc6+ Kd6 52. Nb8 a5
53. bxa5 Nbd5 54. Na6 Ne6 55. Bc4 Ng5 56. Bxd5 Kxd5 57. Nb4+ Kc5 58. Nc2 Nh3
59. Nd4 Nxf2 60. Nxf5 Ng4 61. a4 h5 62. Kc3 Nf6 63. Ng7 Nd5+ 64. Kd2 Nf6 65.
Ne6+ Kc6 66. Kc3 1-0

[Event "Northumbria Masters"]
[Site "Newcastle upon Tyne, ENG"]
[Date "2019.08.24"]
[Round "2.2"]
[White "Tan, Justin"]
[Black "Mosnegutu, Klauss"]
[Result "1-0"]
[WhiteElo "2503"]
[BlackElo "2230"]
[PlyCount "37"]
[EventDate "2019.08.23"]
[EventRounds "9"]
[EventCountry "ENG"]
[SourceTitle "BritBase"]
[Source "John Saunders"]
[SourceDate "2021.08.31"]
[SourceVersion "1"]
[SourceVersionDate "2021.08.31"]
[SourceQuality "1"]

1. e4 c5 2. Nf3 d6 3. Bb5+ Bd7 4. c4 Bxb5 5. cxb5 e5 6. Nc3 Be7 7. O-O Nf6 8.
d3 O-O 9. Qb3 Ne8 10. Be3 Nc7 11. Nd2 Nd7 12. Nc4 Nf6 13. Bg5 Nh5 14. Qd1 g6
15. Bh6 Re8 16. Qf3 Bf6 17. a4 Re6 18. Be3 Bg5 19. a5 {(time)} 1-0

[Event "Northumbria Masters"]
[Site "Newcastle upon Tyne, ENG"]
[Date "2019.08.24"]
[Round "2.3"]
[White "Stoyanov, Viktor"]
[Black "Gormally, Daniel W"]
[Result "1/2-1/2"]
[WhiteElo "2207"]
[BlackElo "2495"]
[PlyCount "80"]
[EventDate "2019.08.23"]
[EventRounds "9"]
[EventCountry "ENG"]
[SourceTitle "BritBase"]
[Source "John Saunders"]
[SourceDate "2021.08.31"]
[SourceVersion "1"]
[SourceVersionDate "2021.08.31"]
[SourceQuality "1"]

1. Nf3 Nf6 2. c4 c6 3. Nc3 d5 4. e3 g6 5. b3 Bg7 6. Bb2 O-O 7. Be2 Bg4 8. O-O
Nbd7 9. d4 e6 10. Rc1 Qe7 11. Re1 Ne4 12. Nd2 Bxe2 13. Qxe2 f5 14. f3 Nxd2 15.
Qxd2 dxc4 16. bxc4 Nb6 17. Nb1 Rfd8 18. Qc2 Kh8 19. Nd2 c5 20. dxc5 Qxc5 21.
Bxg7+ Kxg7 22. Nb3 Qe5 23. f4 Qf6 24. e4 Rac8 25. Qe2 Rc7 26. c5 Na4 27. exf5
exf5 28. Qe5 Qxe5 29. Rxe5 Kf7 30. Re2 b6 31. c6 Rd6 32. Rd2 Rdxc6 33. Rxc6
Rxc6 34. Rd7+ Kf6 35. Rxa7 Nc3 36. g3 h6 37. Nd4 Rd6 38. Nf3 Rd1+ 39. Kf2 Ra1
40. Ne5 Rxa2+ 1/2-1/2

[Event "Northumbria Masters"]
[Site "Newcastle upon Tyne, ENG"]
[Date "2019.08.24"]
[Round "2.4"]
[White "Adair, James R"]
[Black "Villiers, Thomas"]
[Result "1/2-1/2"]
[WhiteElo "2473"]
[BlackElo "2218"]
[PlyCount "73"]
[EventDate "2019.08.23"]
[EventRounds "9"]
[EventCountry "ENG"]
[SourceTitle "BritBase"]
[Source "John Saunders"]
[SourceDate "2021.08.31"]
[SourceVersion "1"]
[SourceVersionDate "2021.08.31"]
[SourceQuality "1"]

1. e4 e6 2. d4 d5 3. Nc3 dxe4 4. Nxe4 Nd7 5. Nf3 Ngf6 6. Nxf6+ Nxf6 7. g3 Bd7
8. Bg2 Bc6 9. O-O Be7 10. c4 Be4 11. Re1 h6 12. Bf4 O-O 13. Be5 Qd7 14. Qb3 Bc6
15. Bf4 Rab8 16. Qc3 Bxf3 17. Bxf3 b5 18. cxb5 Nd5 19. Bxd5 Qxd5 20. a4 Rfc8
21. Rac1 a6 22. Re5 Qd7 23. bxa6 Bf6 24. Rc5 Qxa4 25. Rxc7 Rxc7 26. Qxc7 Rxb2
27. Qb7 Bxd4 28. Qa8+ Kh7 29. Qe4+ f5 30. Qxe6 Bxf2+ 31. Kh1 Qe4+ 32. Qxe4 fxe4
33. Ra1 Ba7 34. Re1 Ra2 35. Rxe4 Rxa6 36. Re7 Bd4 37. h4 1/2-1/2

[Event "Northumbria Masters"]
[Site "Newcastle upon Tyne, ENG"]
[Date "2019.08.24"]
[Round "2.5"]
[White "Merry, Alan B"]
[Black "Han, Yichen"]
[Result "0-1"]
[WhiteElo "2427"]
[BlackElo "2205"]
[PlyCount "78"]
[EventDate "2019.08.23"]
[EventRounds "9"]
[EventCountry "ENG"]
[SourceTitle "BritBase"]
[Source "John Saunders"]
[SourceDate "2021.08.31"]
[SourceVersion "1"]
[SourceVersionDate "2021.08.31"]
[SourceQuality "1"]

1. c4 e5 2. Nc3 Nc6 3. Nf3 f5 4. g3 Nf6 5. d4 e4 6. Nh4 d6 7. Bg5 Be7 8. e3 O-O
9. Ng2 h6 10. Bxf6 Bxf6 11. h4 Ne7 12. Qb3 c6 13. O-O-O Kh7 14. g4 g6 15. Nf4
a6 16. Be2 b5 17. g5 Bg7 18. cxb5 axb5 19. h5 d5 20. Rdg1 hxg5 21. hxg6+ Kg8
22. Rxg5 Qd6 23. Qd1 b4 24. Na4 Bd7 25. Bf1 Rxa4 26. Qxa4 c5 27. Qd1 cxd4 28.
Kb1 d3 29. Qh5 Rc8 30. Bxd3 Qf6 31. Qh7+ Kf8 32. Qxg7+ Qxg7 33. Nh5 Qh6 34.
Rgg1 Ng8 35. Nf6 Qg7 36. Nxd7+ Qxd7 37. Rh7 Qc6 38. Rf7+ Ke8 39. Rxf5 exd3 0-1

[Event "Northumbria Masters"]
[Site "Newcastle upon Tyne, ENG"]
[Date "2019.08.24"]
[Round "2.6"]
[White "Munshi, Aditya"]
[Black "Raetsky, Alexander"]
[Result "0-1"]
[WhiteElo "2091"]
[BlackElo "2404"]
[PlyCount "140"]
[EventDate "2019.08.23"]
[EventRounds "9"]
[EventCountry "ENG"]
[SourceTitle "BritBase"]
[Source "John Saunders"]
[SourceDate "2021.08.31"]
[SourceVersion "1"]
[SourceVersionDate "2021.08.31"]
[SourceQuality "1"]

1. e4 c5 2. Nf3 Nc6 3. Bb5 e6 4. O-O Nge7 5. d4 cxd4 6. Nxd4 Qb6 7. Nxc6 Nxc6
8. Be2 Be7 9. c4 O-O 10. Nc3 d6 11. Nb5 a6 12. Nxd6 Rd8 13. Nxc8 Raxc8 14. Qa4
Nd4 15. Bd1 Qc7 16. Bd2 Ne2+ 17. Bxe2 Rxd2 18. Rfe1 Rxb2 19. Rab1 Rd2 20. Qb3
Rcd8 21. Rbd1 Bc5 22. a4 g6 23. g3 Qe5 24. Qf3 b6 25. Rxd2 Rxd2 26. Rd1 Rxd1+
27. Bxd1 Qd4 28. Qe2 e5 29. Bc2 Kg7 30. Kg2 h5 31. h4 Kf6 32. Kf3 a5 33. Kg2
Ke7 34. Kf1 Qa1+ 35. Qd1 Qb2 36. Qd3 Bd4 37. Qe2 Kd6 38. Qd1 Kc5 39. Qd3 Kb4
40. Ke2 Qa2 41. Qd2+ Kc5 42. Qd3 Kb4 43. Qd2+ Ka3 44. Qc1+ Qb2 45. Qxb2+ Kxb2
46. Bd1 Kc3 47. Kf3 Kd2 48. Bb3 f5 49. exf5 gxf5 50. Kg2 Ke2 51. f3 Kd2 52. Kf1
Kc3 53. Bd1 Kd2 54. Be2 f4 55. gxf4 exf4 56. c5 bxc5 57. Bc4 Bf6 58. Kg2 Bxh4
59. Bb5 Bf6 60. Kf2 Bd4+ 61. Kf1 Kc2 62. Kg2 Bf6 63. Bc4 Be7 64. Bb5 Bd8 65.
Bf1 Kc3 66. Kf2 c4 67. Ke2 Kc2 68. Bh3 Kb2 69. Bf5 Bb6 70. Kd1 h4 0-1

[Event "Northumbria Masters"]
[Site "Newcastle upon Tyne, ENG"]
[Date "2019.08.24"]
[Round "2.7"]
[White "Eggleston, David J"]
[Black "Chipanga, Takaedza"]
[Result "1-0"]
[WhiteElo "2403"]
[BlackElo "2029"]
[PlyCount "81"]
[EventDate "2019.08.23"]
[EventRounds "9"]
[EventCountry "ENG"]
[SourceTitle "BritBase"]
[Source "John Saunders"]
[SourceDate "2021.08.31"]
[SourceVersion "1"]
[SourceVersionDate "2021.08.31"]
[SourceQuality "1"]

1. e4 c5 2. Nf3 Nc6 3. Bb5 d6 4. O-O Bd7 5. c3 Nf6 6. Re1 a6 7. Bf1 Bg4 8. d3
e6 9. Nbd2 Be7 10. h3 Bh5 11. a3 Nd7 12. Rb1 O-O 13. b4 b5 14. Be2 Bf6 15. d4
Bg6 16. bxc5 dxc5 17. a4 b4 18. cxb4 cxb4 19. Bb2 Ndb8 20. Qb3 a5 21. Qe3 Nd7
22. Nb3 Nb6 23. Nc5 Be7 24. Rec1 Bxc5 25. Rxc5 Na7 26. Ra1 Rc8 27. Ne5 Rxc5 28.
dxc5 Nbc8 29. Rd1 Qh4 30. Nxg6 hxg6 31. Rd7 Nc6 32. Bb5 N8a7 33. Kh2 e5 34. g3
Qh5 35. Bc4 g5 36. Kg2 g4 37. h4 Kh8 38. Qg5 Qxg5 39. hxg5 f6 40. g6 Re8 41.
Rd1 1-0

[Event "Northumbria Masters"]
[Site "Newcastle upon Tyne, ENG"]
[Date "2019.08.24"]
[Round "2.8"]
[White "Ther, Mate"]
[Black "Siddharth, Jagadeesh"]
[Result "0-1"]
[WhiteElo "1955"]
[BlackElo "2382"]
[PlyCount "66"]
[EventDate "2019.08.23"]
[EventRounds "9"]
[EventCountry "ENG"]
[SourceTitle "BritBase"]
[Source "John Saunders"]
[SourceDate "2021.08.31"]
[SourceVersion "1"]
[SourceVersionDate "2021.08.31"]
[SourceQuality "1"]

1. e4 c6 2. d4 d5 3. Nc3 dxe4 4. Nxe4 Nd7 5. Bd3 Ngf6 6. Ne2 Nxe4 7. Bxe4 Nf6
8. Bf3 Bf5 9. c3 e6 10. O-O h6 11. Re1 Bd6 12. Bf4 Bxf4 13. Nxf4 O-O 14. Nd3
Qb6 15. b3 Rfd8 16. Nc5 Nd7 17. Nxd7 Rxd7 18. Be4 Bxe4 19. Rxe4 c5 20. Qd2 Rad8
21. Rd1 cxd4 22. cxd4 Qc6 23. f3 e5 24. Qe3 f6 25. Kf2 Qb6 26. f4 exd4 27. Qd3
Qc7 28. Ke2 Rd5 29. Rd2 f5 30. Re5 Rxe5+ 31. fxe5 Qxe5+ 32. Kf3 Qd5+ 33. Kf2
Qe4 0-1

[Event "Northumbria Masters"]
[Site "Newcastle upon Tyne, ENG"]
[Date "2019.08.24"]
[Round "2.9"]
[White "Welling, Gerard"]
[Black "Mollison, Jamie"]
[Result "1-0"]
[WhiteElo "2307"]
[BlackElo "1929"]
[PlyCount "107"]
[EventDate "2019.08.23"]
[EventRounds "9"]
[EventCountry "ENG"]
[SourceTitle "BritBase"]
[Source "John Saunders"]
[SourceDate "2021.08.31"]
[SourceVersion "1"]
[SourceVersionDate "2021.08.31"]
[SourceQuality "1"]

1. d4 e6 2. Nd2 Nf6 3. e3 b6 4. Ngf3 Bb7 5. Bd3 d5 6. O-O Bd6 7. Ne5 O-O 8. f4
Ne4 9. Qf3 f5 10. g4 Nc6 11. c3 Bxe5 12. dxe5 g6 13. Qh3 Qe7 14. Nf3 Nc5 15.
Bc2 Ba6 16. Rf2 Bd3 17. Bxd3 Nxd3 18. Rg2 Kh8 19. Kh1 Rg8 20. Bd2 Rg7 21. Be1
Nxe1 22. Rxe1 Rag8 23. Reg1 Nd8 24. Rg3 Nf7 25. R1g2 c5 26. Nh4 fxg4 27. Rxg4
g5 28. Nf3 gxf4 29. exf4 Rxg4 30. Rxg4 Rxg4 31. Qxg4 Nh6 32. Qg5 Qf8 33. Kg2
Nf5 34. Kf2 d4 35. cxd4 cxd4 36. Qf6+ Qxf6 37. exf6 h6 38. Ke2 Kg8 39. Ne5 Kf8
40. Kd3 Ke8 41. Nc6 Kf7 42. Nxa7 Kxf6 43. Nc6 h5 44. a4 h4 45. b4 h3 46. a5
bxa5 47. bxa5 Nd6 48. a6 Nb5 49. Nxd4 Na7 50. Ke4 Nc8 51. Nc6 Nd6+ 52. Kf3 Nb5
53. Kg4 Nc7 54. a7 1-0

[Event "Northumbria Masters"]
[Site "Newcastle upon Tyne, ENG"]
[Date "2019.08.24"]
[Round "2.10"]
[White "Gayson, Peter M"]
[Black "Pruijssers, Roeland"]
[Result "0-1"]
[WhiteElo "2069"]
[BlackElo "2534"]
[PlyCount "74"]
[EventDate "2019.08.23"]
[EventRounds "9"]
[EventCountry "ENG"]
[SourceTitle "BritBase"]
[Source "John Saunders"]
[SourceDate "2021.08.31"]
[SourceVersion "1"]
[SourceVersionDate "2021.08.31"]
[SourceQuality "1"]

1. e4 c5 2. Nf3 e6 3. d4 cxd4 4. Nxd4 Nc6 5. Nc3 Qc7 6. Be2 Nf6 7. O-O h5 8.
Nxc6 bxc6 9. h3 Bc5 10. Kh1 d5 11. Bf3 Ba6 12. Be2 Bb7 13. exd5 cxd5 14. Bb5+
Kf8 15. Be2 Rd8 16. Bg5 d4 17. Bxf6 gxf6 18. Na4 Bxg2+ 19. Kxg2 Qc6+ 20. Bf3
Qxa4 21. Qd3 Qa5 22. Kh1 Qc7 23. Rae1 f5 24. Qd2 Qe7 25. Qf4 Bb6 26. Qe5 Rh7
27. Rg1 Bc7 28. Qe2 Qh4 29. Qf1 Ke7 30. Bc6 Qf4 31. Rg2 Rg7 32. f3 Rxg2 33.
Qxg2 Rg8 34. Qf2 Rg3 35. c3 Rxh3+ 36. Kg1 Rh2 37. Qxd4 Qg3+ 0-1

[Event "Northumbria Masters"]
[Site "Newcastle upon Tyne, ENG"]
[Date "2019.08.24"]
[Round "2.11"]
[White "Balaji, Aaravamudhan"]
[Black "Maksimenko, Andrei"]
[Result "0-1"]
[WhiteElo "2043"]
[BlackElo "2468"]
[PlyCount "116"]
[EventDate "2019.08.23"]
[EventRounds "9"]
[EventCountry "ENG"]
[SourceTitle "BritBase"]
[Source "John Saunders"]
[SourceDate "2021.08.31"]
[SourceVersion "1"]
[SourceVersionDate "2021.08.31"]
[SourceQuality "1"]

1. d4 Nf6 2. c4 c6 3. Nc3 d5 4. e3 e6 5. Bd3 dxc4 6. Bxc4 b5 7. Bd3 Nbd7 8. e4
b4 9. Na4 Bb7 10. e5 Nd5 11. Nf3 Rc8 12. Be2 Qa5 13. b3 c5 14. Nb2 cxd4 15. Nc4
Qc5 16. Qxd4 Nc3 17. Be3 Nxe2 18. Kxe2 Ba6 19. Rhd1 Nb6 20. Nfd2 Qxd4 21. Bxd4
Bc5 22. Ne4 Be7 23. Bxb6 Bxc4+ 24. bxc4 axb6 25. Nd6+ Bxd6 26. Rxd6 Rxc4 27.
Rxb6 O-O 28. Rb1 Rc2+ 29. Ke3 Rxa2 30. R1xb4 g5 31. Rb2 Ra3+ 32. R2b3 Rfa8 33.
f4 h6 34. fxg5 hxg5 35. Kf3 Kg7 36. Kg4 Kg6 37. Rxa3 Rxa3 38. Rb8 Ra4+ 39. Kg3
Ra5 40. Rg8+ Kh6 41. Kf3 Rxe5 42. g4 Ra5 43. Rh8+ Kg7 44. Rh5 Ra3+ 45. Ke2 f6
46. h4 gxh4 47. Rxh4 Kg6 48. Rh8 Rg3 49. Re8 Kf7 50. Ra8 Rxg4 51. Kf3 Rb4 52.
Ke3 Kg6 53. Re8 Kf5 54. Rh8 Rb3+ 55. Kd4 e5+ 56. Kd5 Rd3+ 57. Kc4 Rd7 58. Rh4
e4 0-1

[Event "Northumbria Masters"]
[Site "Newcastle upon Tyne, ENG"]
[Date "2019.08.24"]
[Round "2.12"]
[White "Gourlay, Iain"]
[Black "Turner, Max N"]
[Result "1/2-1/2"]
[WhiteElo "2345"]
[BlackElo "2012"]
[PlyCount "49"]
[EventDate "2019.08.23"]
[EventRounds "9"]
[EventCountry "ENG"]
[SourceTitle "BritBase"]
[Source "John Saunders"]
[SourceDate "2021.08.31"]
[SourceVersion "1"]
[SourceVersionDate "2021.08.31"]
[SourceQuality "1"]

1. c4 c6 2. Nf3 d5 3. g3 Nf6 4. Bg2 Bf5 5. Qb3 Qb6 6. d3 e6 7. Be3 Qb4+ 8. Nbd2
Nbd7 9. Nh4 Bg6 10. Qxb4 Bxb4 11. a3 Be7 12. Nxg6 hxg6 13. h3 a5 14. d4 O-O 15.
O-O b5 16. c5 e5 17. dxe5 Nxe5 18. b3 Ne8 19. Bd4 Nd7 20. e4 Nxc5 21. Rfc1 Ne6
22. Bb2 Nc5 23. Bd4 Ne6 24. Bb2 Nc5 25. Bd4 1/2-1/2

[Event "Northumbria Masters"]
[Site "Newcastle upon Tyne, ENG"]
[Date "2019.08.24"]
[Round "2.14"]
[White "Gogia, Armaan"]
[Black "Brown, Martin"]
[Result "1-0"]
[WhiteElo "1754"]
[BlackElo "2265"]
[PlyCount "125"]
[EventDate "2019.08.23"]
[EventRounds "9"]
[EventCountry "ENG"]
[SourceTitle "BritBase"]
[Source "John Saunders"]
[SourceDate "2021.08.31"]
[SourceVersion "1"]
[SourceVersionDate "2021.08.31"]
[SourceQuality "1"]

1. e4 e6 2. d4 d5 3. exd5 exd5 4. Nf3 Nc6 5. Bd3 Bg4 6. c3 Bd6 7. O-O Qd7 8.
Re1+ Nge7 9. Nbd2 f6 10. Qc2 O-O-O 11. b4 Bf5 12. Nb3 Bxd3 13. Qxd3 Qf5 14. Qe2
Rde8 15. b5 Nd8 16. Be3 g5 17. c4 dxc4 18. Qxc4 Nd5 19. Rac1 h5 20. Nc5 h4 21.
Qd3 Qxd3 22. Nxd3 Ne6 23. Rc4 Re7 24. Nc5 Bf4 25. Bxf4 Nexf4 26. Rxe7 Nxe7 27.
Kf1 Ned5 28. g3 hxg3 29. hxg3 Ng6 30. Ne4 g4 31. Nfd2 f5 32. Nd6+ Kd7 33. Nxb7
f4 34. Nc5+ Kc8 35. Nde4 fxg3 36. Nxg3 Rf8 37. Ke1 Ngf4 38. Nce4 Nd3+ 39. Ke2
Rf3 40. Nh5 Rh3 41. Nef6 Nxf6 42. Nxf6 Nf4+ 43. Kd2 g3 44. fxg3 Rxg3 45. Kc2
Rf3 46. Ne8 Nd5 47. Nd6+ Kd7 48. Ne4 Ne3+ 49. Kd3 Nxc4+ 50. Kxc4 Ra3 51. Nc3 a5
52. Kd3 c6 53. bxc6+ Kxc6 54. Kc2 a4 55. Kb2 Rxc3 56. Kxc3 Kd5 57. a3 Kd6 58.
Kb4 Kd5 59. Kxa4 Kc4 60. Ka5 Kxd4 61. Kb6 Kc4 62. a4 Kb4 63. a5 1-0

[Event "Northumbria Masters"]
[Site "Newcastle upon Tyne, ENG"]
[Date "2019.08.24"]
[Round "2.15"]
[White "Storey, Charles H"]
[Black "Ratnesan, Ranesh"]
[Result "0-1"]
[WhiteElo "2261"]
[BlackElo "2098"]
[PlyCount "72"]
[EventDate "2019.08.23"]
[EventRounds "9"]
[EventCountry "ENG"]
[SourceTitle "BritBase"]
[Source "John Saunders"]
[SourceDate "2021.08.31"]
[SourceVersion "1"]
[SourceVersionDate "2021.08.31"]
[SourceQuality "1"]

1. Nf3 d5 2. c4 d4 3. b4 c5 4. bxc5 Nc6 5. d3 e5 6. Ba3 Bxc5 7. Bxc5 Qa5+ 8.
Nbd2 Qxc5 9. Rb1 f5 10. Rb5 Qe7 11. Qa4 Bd7 12. Rxb7 e4 13. Qxc6 Bxc6 14. Rxe7+
Nxe7 15. Nxd4 exd3 16. exd3 O-O 17. N2b3 a5 18. Kd2 a4 19. Nc5 Rfb8 20. a3 Rb1
21. Nc2 Rab8 22. Na6 R8b3 23. Nab4 Ba8 24. d4 Be4 25. d5 Kf8 26. f3 Bxc2 27. d6
Rd1+ 28. Kxc2 Rxd6 29. c5 Rd4 30. Bb5 Rxa3 31. Rb1 Nd5 32. Nd3 Ra2+ 33. Rb2
Nb4+ 34. Kc3 Rxd3+ 35. Bxd3 Rxb2 36. Bxf5 a3 0-1

[Event "Northumbria Masters"]
[Site "Newcastle upon Tyne, ENG"]
[Date "2019.08.24"]
[Round "2.16"]
[White "Hutchinson, Paul A"]
[Black "Yoon, Jacob D"]
[Result "0-1"]
[WhiteElo "2177"]
[BlackElo "1987"]
[PlyCount "76"]
[EventDate "2019.08.23"]
[EventRounds "9"]
[EventCountry "ENG"]
[SourceTitle "BritBase"]
[Source "John Saunders"]
[SourceDate "2021.08.31"]
[SourceVersion "1"]
[SourceVersionDate "2021.08.31"]
[SourceQuality "1"]

1. d4 Nf6 2. Nf3 e6 3. Bf4 c5 4. e3 Qb6 5. Qc1 Nc6 6. c3 Nh5 7. Bg5 h6 8. Bh4
g5 9. Bg3 Nxg3 10. hxg3 Bg7 11. Nbd2 d5 12. Bd3 g4 13. dxc5 Qxc5 14. Nb3 Qe7
15. Nfd4 e5 16. Nf5 Bxf5 17. Bxf5 h5 18. Qd2 Qg5 19. Bd3 O-O-O 20. Bb5 Qf6 21.
Qe2 Kb8 22. O-O-O a6 23. Ba4 Bf8 24. Rd2 d4 25. Bxc6 Qxc6 26. exd4 Bh6 27.
Qxe5+ Ka8 28. Rxh5 Bxd2+ 29. Nxd2 Rhe8 30. Qa5 Rxd4 31. Qc5 Qa4 32. Nb3 Rde4
33. Rd5 Qxa2 34. Nd2 Qa1+ 35. Kc2 Qa4+ 36. b3 Qa2+ 37. Kd3 Re2 38. Nc4 Qc2+ 0-1

[Event "Northumbria Masters"]
[Site "Newcastle upon Tyne, ENG"]
[Date "2019.08.24"]
[Round "2.17"]
[White "Birtwistle, Nigel"]
[Black "Metcalfe, Charlie P"]
[Result "1-0"]
[WhiteElo "2136"]
[BlackElo "1739"]
[PlyCount "61"]
[EventDate "2019.08.23"]
[EventRounds "9"]
[EventCountry "ENG"]
[SourceTitle "BritBase"]
[Source "John Saunders"]
[SourceDate "2021.08.31"]
[SourceVersion "1"]
[SourceVersionDate "2021.08.31"]
[SourceQuality "1"]

1. e4 e6 2. d4 d5 3. Nd2 c5 4. Ngf3 Nc6 5. c3 cxd4 6. Nxd4 Nxd4 7. cxd4 Qb6 8.
exd5 Qxd4 9. Bb5+ Kd8 10. dxe6 Bxe6 11. O-O Bb4 12. a3 Be7 13. Qe2 Nf6 14. Nf3
Qe4 15. Rd1+ Kc7 16. Be3 Rac8 17. Rd4 Qf5 18. Bd3 Qh5 19. Rh4 Qd5 20. Bc4 Qd7
21. Rd1 Qe8 22. Bxe6 fxe6 23. Bf4+ Kb6 24. Qxe6+ Rc6 25. Qb3+ Ka6 26. Qa4+ Kb6
27. Be3+ Kc7 28. Qxa7 Nd5 29. Qa5+ Nb6 30. Bxb6+ Rxb6 31. Rc4+ 1-0

[Event "Northumbria Masters"]
[Site "Newcastle upon Tyne, ENG"]
[Date "2019.08.24"]
[Round "2.18"]
[White "Brett, Andrew R"]
[Black "Fitzsimons, David"]
[Result "0-1"]
[WhiteElo "2118"]
[BlackElo "2317"]
[PlyCount "72"]
[EventDate "2019.08.23"]
[EventRounds "9"]
[EventCountry "ENG"]
[SourceTitle "BritBase"]
[Source "John Saunders"]
[SourceDate "2021.08.31"]
[SourceVersion "1"]
[SourceVersionDate "2021.08.31"]
[SourceQuality "1"]

1. e4 c5 2. Nc3 d6 3. f4 g6 4. Nf3 Bg7 5. Bb5+ Bd7 6. Bc4 Nc6 7. O-O Nd4 8. e5
Bc6 9. Nxd4 cxd4 10. Ne2 dxe5 11. fxe5 e6 12. d3 Bxe5 13. Bf4 Qd6 14. Qd2 Ne7
15. Bxe5 Qxe5 16. Ng3 O-O 17. Rae1 Qg7 18. Qg5 Nf5 19. Nxf5 gxf5 20. Qxg7+ Kxg7
21. Rf4 Rad8 22. Ref1 b5 23. Bb3 a5 24. a3 Rg8 25. g3 h5 26. h3 Kf6 27. Kh2 Rg5
28. Ba2 Rdg8 29. Rg1 e5 30. Rh4 Bf3 31. c3 f4 32. g4 hxg4 33. hxg4 Be2 34. Rh7
Kg6 35. Rh4 dxc3 36. bxc3 Bxd3 0-1

[Event "Northumbria Masters"]
[Site "Newcastle upon Tyne, ENG"]
[Date "2019.08.24"]
[Round "2.19"]
[White "Lam, Paul G M"]
[Black "Kanyamarala, Trisha"]
[Result "1-0"]
[WhiteElo "2118"]
[BlackElo "2238"]
[PlyCount "93"]
[EventDate "2019.08.23"]
[EventRounds "9"]
[EventCountry "ENG"]
[SourceTitle "BritBase"]
[Source "John Saunders"]
[SourceDate "2021.08.31"]
[SourceVersion "1"]
[SourceVersionDate "2021.08.31"]
[SourceQuality "1"]

1. e4 c5 2. Nf3 d6 3. Bb5+ Nd7 4. O-O a6 5. Bd3 Ngf6 6. Re1 g6 7. c3 b5 8. Bc2
c4 9. a4 Bb7 10. axb5 axb5 11. Rxa8 Qxa8 12. Na3 Qa5 13. d4 e6 14. Bg5 Bg7 15.
e5 Nd5 16. exd6 O-O 17. Ne5 N5b6 18. Be7 Re8 19. Qg4 Nxe5 20. dxe5 Nd5 21. Bg5
Bc6 22. h4 Nb6 23. Be4 Bd7 24. Bf3 Rc8 25. Be3 Na4 26. Bc1 Nc5 27. Be4 Nb3 28.
Bf4 b4 29. cxb4 Qxb4 30. Nc2 Qa5 31. Qg3 Nd4 32. Qc3 Qxc3 33. bxc3 Nb5 34. Re3
f6 35. Bb7 Rb8 36. Ba6 fxe5 37. Bxe5 Bxe5 38. Rxe5 Nxd6 39. Ne3 Kf7 40. Rc5
Rb1+ 41. Kh2 Rb2 42. f3 Ke7 43. Nxc4 Nxc4 44. Rxc4 Rb6 45. Bc8 Bb5 46. Rb4 Rb8
47. Ba6 1-0

[Event "Northumbria Masters"]
[Site "Newcastle upon Tyne, ENG"]
[Date "2019.08.24"]
[Round "2.20"]
[White "Dong, Bao Nghia"]
[Black "Shaw, Peter"]
[Result "1-0"]
[WhiteElo "2217"]
[BlackElo "2076"]
[PlyCount "65"]
[EventDate "2019.08.23"]
[EventRounds "9"]
[EventCountry "ENG"]
[SourceTitle "BritBase"]
[Source "John Saunders"]
[SourceDate "2021.08.31"]
[SourceVersion "1"]
[SourceVersionDate "2021.08.31"]
[SourceQuality "1"]

1. d4 f5 2. Bf4 Nf6 3. e3 g6 4. h3 d6 5. Bc4 Bg7 6. b4 e6 7. Nd2 Qe7 8. Ngf3
Nc6 9. b5 Nd8 10. O-O Nf7 11. Re1 O-O 12. Bb3 Kh8 13. e4 Nh5 14. Bg3 Nxg3 15.
fxg3 e5 16. Kh2 Bd7 17. exf5 gxf5 18. Bxf7 Rxf7 19. dxe5 dxe5 20. Nxe5 Bxe5 21.
Nf3 Bxg3+ 22. Kxg3 Qf6 23. a4 Rg8+ 24. Kh2 Rfg7 25. Re2 Qg6 26. Qd4 Qg3+ 27.
Kh1 f4 28. Ne5 Rf8 29. Qb4 Rf6 30. Ra3 Qh4 31. Qd4 Qh5 32. Rf3 Be6 33. Qd8+ 1-0

[Event "Northumbria Masters"]
[Site "Newcastle upon Tyne, ENG"]
[Date "2019.08.24"]
[Round "2.21"]
[White "Milson, Samuel A"]
[Black "Van Den Bersselaar, Jeroen"]
[Result "1/2-1/2"]
[WhiteElo "2103"]
[BlackElo "2188"]
[PlyCount "59"]
[EventDate "2019.08.23"]
[EventRounds "9"]
[EventCountry "ENG"]
[SourceTitle "BritBase"]
[Source "John Saunders"]
[SourceDate "2021.08.31"]
[SourceVersion "1"]
[SourceVersionDate "2021.08.31"]
[SourceQuality "1"]

1. e4 c6 2. d4 d5 3. exd5 cxd5 4. c4 Nf6 5. Nc3 Nc6 6. Nf3 g6 7. cxd5 Nxd5 8.
Qb3 Nxc3 9. Bc4 Nd5 10. Bxd5 e6 11. Bxc6+ bxc6 12. O-O Qd5 13. Be3 Be7 14. Rfc1
f6 15. Rc3 Kf7 16. Qxd5 cxd5 17. Rc7 Rd8 18. Rac1 Bd7 19. Bf4 a5 20. h4 a4 21.
g4 Ke8 22. g5 Rdc8 23. gxf6 Bxf6 24. Ne5 Bxe5 25. Bxe5 Rxc7 26. Rxc7 Rc8 27.
Rxc8+ Bxc8 28. b3 axb3 29. axb3 Ba6 30. Kg2 1/2-1/2